A naturalist at the poles: The life, works & voyages of Dr. W. S. Bruce, the polar explorer

Uloženo v:
Podrobná bibliografie
Hlavní autoři: Brown, Rudmose (Autor), Burn Murdoch, W. E (Autor)
Médium: Kniha
Jazyk:angličtina
Vydáno: Londres Seeley, Service & Co 1923
Vydání:1a. ed
Témata:
Tagy: Přidat tag
Žádné tagy, Buďte první, kdo vytvoří štítek k tomuto záznamu!

MARC

LEADER 00000nam a2200000 a 4500
001 UCJ3639
003 CL-VaPUC
008 070124e19230000UK |||||||||||||||||eng|d
082 0 4 |a 910.4  |b BRO  |2 21 
100 0 |a Brown, Rudmose  |e author  |9 505720 
700 0 |a Burn Murdoch, W. E  |e author  |9 505721 
245 1 2 |a A naturalist at the poles: The life, works & voyages of Dr. W. S. Bruce, the polar explorer 
250 |a 1a. ed 
300 |a 316 p 
942 |c BK 
945 |d 20070124 00:00:00  |a rinostro 
260 |a Londres  |b Seeley, Service & Co  |c 1923 
500 |a Numerosas fotografías, incluída la del Dr. Bruce, objeto de esta biografía 
600 0 7 |a BRUCE, WILLIAM S  |2 CL-VaPUC  |9 505722 
650 0 |a Viajes  |9 257115 
650 0 |a Expediciones científicas  |9 265222 
650 0 |a Biografías  |9 255210 
650 0 |a Descubrimientos geográficos  |9 331933 
651 7 |a REGION ARTICA  |2 CL-VaPUC  |9 366377 
651 0 |a Antártica (Antártida)  |9 324088 
583 |a last modification  |c 20070124 00:00:00  |k Rodrigo Vera 
999 |c 319761  |d 319759 
952 |0 0  |1 0  |4 0  |6 910_400000000000000_BRO_1923  |7 0  |8 X  |9 398138  |a FDOBUD  |b FDOBUD  |d 2019-11-22  |i 1006533  |o 910.4 BRO 1923  |p 1006533  |r 2019-11-22  |w 2019-11-22  |y BK_X  |k BUD